ბათუმის შოთა რუსთაველის სახელმწიფო უნივერსიტეტის ბიბლიოთეკა

Введение в молекулярную биологию. От клеток к атомам (ბიბ.ჩანაწერი № 36231)

000 -LEADER
fixed length control field 00829nam a2200253Ia 4500
001 - CONTROL NUMBER
control field 2134
003 - CONTROL NUMBER IDENTIFIER
control field GE_BSU
008 - FIXED-LENGTH DATA ELEMENTS--GENERAL INFORMATION
fixed length control field 181216s||||||||xx |||||||||||||| ||und||
020 ## - INTERNATIONAL STANDARD BOOK NUMBER
International Standard Book Number 5030035214
040 ## - CATALOGING SOURCE
Transcribing agency GE_BSU
080 ## - UNIVERSAL DECIMAL CLASSIFICATION NUMBER
Universal Decimal Classification number 577.2(075.8)
100 ## - MAIN ENTRY--PERSONAL NAME
Personal name Рис,Э.
245 ## - TITLE STATEMENT
Title Введение в молекулярную биологию. От клеток к атомам
245 ## - TITLE STATEMENT
Remainder of title Перевод с англ. языка.
245 ## - TITLE STATEMENT
Statement of responsibility, etc. Под ред.Ю.С.Лазуркина В.А Ткачука
260 ## - PUBLICATION, DISTRIBUTION, ETC.
Place of publication, distribution, etc. Москва
260 ## - PUBLICATION, DISTRIBUTION, ETC.
Name of publisher, distributor, etc. Мир
260 ## - PUBLICATION, DISTRIBUTION, ETC.
Date of publication, distribution, etc. 2002
300 ## - PHYSICAL DESCRIPTION
Extent 142стр. илл.
653 ## - INDEX TERM--UNCONTROLLED
Uncontrolled term Введение в молекулярную биологию. От клеток к атомам
653 ## - INDEX TERM--UNCONTROLLED
Uncontrolled term მოლეკულური ბიოლოგია
942 ## - ADDED ENTRY ELEMENTS (KOHA)
Koha item type წიგნი
ეგზემპლარები
Withdrawn status Lost status Damaged status Not for loan Date acquired Barcode Date last seen Price effective from Koha item type Public note
        2018-12-17 4119 2018-12-17 2018-12-17 წიგნი დარბაზი
        2018-12-17 4120 2018-12-17 2018-12-17 წიგნი დარბაზი